00782nam a2200205 i 4500001000700000003000900007005001700016008004100033020001800074080002100092100004200113245011100155260004700266300002200313490002200335650004100357651007700398830002200475852007900497162930ES-MaACL20250801063045.0140908s1977 sp |||| | spa d a84-7393-030-4 a980.3"15"(093.3)1 aCasas, Bartolomé de las,d1474-156610aBreve resumen del descubrimiento y destruición [sic] de las Indias /cBartolomé de las Casas o Casaus. aMadrid : bEmiliano Escolar, cD. L. 1977. a291 p. ; c18 cm.1 aCultura clásica04aIndios de América-xTrato recibido 4aAmérica española-xHistoria-y1492-1600 (Descubrimiento y conquista)0 aCultura clásica aES-MaACLjA-13223bR.150153cDEPO1dOlim: N-6223hDonación: Arturo Bravo